000 00979nam a2200313 i 4500
001 000010843
003 DO-SdBNP
005 20250612132855.0
007 ta
008 091012s1999 xxua r 000 p spa d
020 _a8492372125
040 _aDO-SdBNP
_bspa
_cBNPHU
_erda
041 _aspa
082 4 _aRD861.44
_bR758po
_222
100 1 _aRomán, Sabrina,
_d1956-
_eautor
_4aut.
_926159
245 1 0 _aPoniente taciturno /
_cSabrina Román.
264 4 _aFlorida, Estados Unidos :
_bSAPI,
_c©1999.
300 _a93 páginas ;
_c22 cm.
336 _atexto
_btxt
_2rdacontent
337 _asin mediación
_bn
_2rdamedia
338 _atexto
_bnc
_2rdacarrier
490 0 _aColección Aquarela
_v1999
500 _aIncluye datos biográficos de la autora en la solapa de la portada.
590 _aInventariado, 2018/BT
650 0 _aPoesía dominicana
_966
650 0 _aLiteratura dominicana.
_967
910 _aValidado. Control de calidad. MMOLINA
942 _2ddc
_cLBS1
999 _c10592
_d10592